| 000 | 01241nam a2200289 i 4500 | ||
|---|---|---|---|
| 001 | 10677 | ||
| 003 | ES-MaACL | ||
| 005 | 20250831120105.0 | ||
| 008 | 951003s1898 sp ||||1| spa d | ||
| 080 | _a338.431.4(460) | ||
| 080 | _a332.021.8(460):63 | ||
| 080 | _a63:332.021.8(460) | ||
| 100 | 1 |
_aCosta, Joaquín, _d1846-1911 _941054 |
|
| 245 | 1 | 0 |
_aColectivismo agrario en España. _nPartes I y II, _pDoctrinas y hechos / _cpor Joaquín Costa. |
| 260 |
_aMadrid : _b[s.n.], _c1898 ( _fImp. de San Francisco de Sales) |
||
| 300 |
_a606 p. ; _c23 cm. |
||
| 530 | _aDisponible en formato digital. | ||
| 650 | 4 |
_aExplotaciones agrícolas- _zEspaña. _9171659 |
|
| 650 | 4 |
_aPropiedad rústica- _zEspaña. _916497 |
|
| 650 |
_aColectivismo- _zEspaña- _yS.XIX. _9164950 |
||
| 650 | 4 |
_aReforma agraria- _zEspaña- _yS.XIX _916721 |
|
| 852 |
_aES-MaACL _jC-54841 |
||
| 856 |
_uhttps://bibliotecavirtual.aragon.es/es/consulta/registro.do?id=1942 _zBiblioteca Virtual de Aragón |
||
| 856 |
_uhttps://bibliotecavirtual.aragon.es/es/consulta/registro.do?id=3534 _zBiblioteca Virtual de Aragón |
||
| 856 |
_uhttp://www.derechoaragones.es/es/consulta/registro.do?id=600244 _zBiblioteca Virtual de Derecho Aragonés |
||
| 999 |
_c10677 _d10677 |
||